| 000 | 01185cam a22003377a 4500 | ||
|---|---|---|---|
| 003 | CHAP | ||
| 005 | 20220329141747.0 | ||
| 008 | 971013s1975 r 00010 d | ||
| 010 | _a73426 | ||
| 011 | _a74398 | ||
| 035 | _a83957 | ||
| 040 | _cCHAP | ||
| 090 | _aTesis | ||
| 100 | 0 | 0 |
_aCarvajal Moreno, Magda. _919684 |
| 245 | 0 | _aInfluencia de extractos vegetales y de productos químicos sistémicos sobre la infección por virus del mosaico del tabaco | |
| 260 |
_aChapingo, Méx. : _bEl autor, _c1975 |
||
| 300 |
_a123 h. _b: ilus. |
||
| 502 | _aTesis (M.C. Esp. en Fitopatología) -- ENA. Colegio de Postgraduados. Rama de Fitopatología | ||
| 590 |
_aALEPH _b10 _c20130110 _lUCH01 _h1416 |
||
| 590 |
_aBATCH-UPD _b10 _c20130110 _lUCH01 _h0702 |
||
| 590 |
_aCONVERSION _b10 _c20130109 _lUCH01 _h1340 |
||
| 650 | 1 | 4 |
_aExtractos vegetales. _939214 |
| 650 | 1 | 4 |
_aTabaco _xEnfermedades. _9111213 |
| 650 | 1 | 4 |
_aVirus del mosaico del tabaco. _9119964 |
| 901 | _aBK | ||
| 942 | _cFOLL | ||
| 949 |
_bBC _cTES _d-38984 _eTS1 _i83957 _si |
||
| 949 |
_bBC _cTES _d-38985 _eTS2 _fc.2 _i83957 _si |
||
| 949 |
_bBC _cTES _d-38986 _eTS2 _fc.3 _i83957 _si |
||
| 949 |
_bBC _cTES _d-38987 _eTS2 _fc.4 _i83957 _si |
||
| 999 |
_c73426 _d73426 |
||